EduFísica (Record no. 11891)

MARC details
000 -LEADER
campo de control de longitud fija 00290nam a2200133Ia 4500
001 - NÚMERO DE CONTROL
campo de control 1034
008 - DATOS DE LONGITUD FIJA--INFORMACIÓN GENERAL
campo de control de longitud fija 241024s9999 xx 000 0 und d
082 ## - NÚMERO DE LA CLASIFICACIÓN DECIMAL DEWEY
Número de clasificación [*SIN CLASIFICACION*]
100 ## - ENTRADA PRINCIPAL--NOMBRE DE PERSONA
Nombre de persona [*SIN AUTOR*]
245 #0 - MENCIÓN DEL TÍTULO
Título EduFísica
260 ## - PUBLICACIÓN, DISTRIBUCIÓN, ETC.
Nombre del editor, distribuidor, etc. ISFODOSU
901 ## - ELEMENTOS DE DATOS A LOCAL LDA (RLIN)
a 9/14/12

No items available.

© 2024. Todos los Derechos Reservados. Desarrollado por IDEICE